[Event "DEM U14 2000"]
[Site "Überlingen GER"]
[Date "2000.06.06"]
[Round "4"]
[White "Jachnowitsch, Kristijan"]
[Black "Meyer, Kai-Christian"]
[Result "0-1"]
[Termination "normal"]
[Board "12"]
[WhiteElo "1697"]
[BlackElo "1642"]
[PlyCount "63"]
[BlackFideId "4680650"]
[EventCountry "GER"]
[EventRounds "9"]
[EventType "swiss"]
[EventDate "2000.06.03"]

1. d4 d5 2. Nf3 Nf6 3. e3 c6 4. b3 Bg4 5. Be2 e6 6. Bb2 Bd6 7. Nbd2 Nbd7 8. c4
O-O 9. O-O Ne4 10. Nxe4 dxe4 11. Nd2 Bxe2 12. Qxe2 f5 13. f3 exf3 14. Qxf3 e5
15. Qh3 Qg5 16. Bc1 e4 17. a3 Rf6 18. Ra2 Raf8 19. Rf2 Rh6 20. Nxe4 Qg6 21. Qf3
fxe4 22. Qd1 Bxh2+ 23. Kf1 Bg3 24. Rxf8+ Nxf8 25. Ke2 Qg4+ 26. Kd2 Qxd1+ 27.
Kxd1 Rh1+ 28. Kc2 Rg1 29. Kb1 Ng6 30. Rd2 Nh4 31. d5 cxd5 32. cxd5 0-1

[Event "DEM U14 2000"]
[Site "Überlingen GER"]
[Date "2000.06.06"]
[Round "5"]
[White "Baramidze, David"]
[Black "Fehsenfeld, Frithjof"]
[Result "1-0"]
[Termination "normal"]
[Board "1"]
[WhiteElo "2154"]
[BlackElo "1760"]
[PlyCount "59"]
[WhiteFideId "4667719"]
[EventCountry "GER"]
[EventRounds "9"]
[EventType "swiss"]
[EventDate "2000.06.03"]

1. e4 c6 2. d4 d5 3. Nc3 dxe4 4. Nxe4 Nd7 5. Nf3 Ngf6 6. Neg5 e6 7. Bd3 Be7 8.
Qe2 O-O 9. Bd2 c5 10. O-O-O cxd4 11. h4 Nc5 12. Bxh7+ Nxh7 13. Nxh7 d3 14. Qe3
Kxh7 15. Ng5+ Kg8 16. Bb4 Nd7 17. Qxd3 Nf6 18. Qxd8 Rxd8 19. Bxe7 Rxd1+ 20.
Rxd1 Nd7 21. c4 a5 22. b3 a4 23. b4 Ra6 24. Kb2 e5 25. c5 f6 26. Ne4 Kf7 27.
Nd6+ Kxe7 28. Nxc8+ Ke6 29. Nd6 Ra7 30. Nb5 1-0

[Event "DEM U14 2000"]
[Site "Überlingen GER"]
[Date "2000.06.06"]
[Round "5"]
[White "Nazarenus, Moritz"]
[Black "Rohde, Torsten"]
[Result "1/2-1/2"]
[Termination "normal"]
[Board "2"]
[WhiteElo "1886"]
[BlackElo "2071"]
[PlyCount "37"]
[WhiteFideId "4670540"]
[BlackFideId "4665007"]
[EventCountry "GER"]
[EventRounds "9"]
[EventType "swiss"]
[EventDate "2000.06.03"]

1. d4 Nf6 2. Nf3 d5 3. Bg5 e6 4. Nbd2 Be7 5. e3 O-O 6. Bd3 Nbd7 7. O-O c5 8. c3
cxd4 9. exd4 Qc7 10. Qe2 Re8 11. Kh1 Nf8 12. Ne5 N6d7 13. Bxe7 Rxe7 14. f4 Nxe5
15. fxe5 Bd7 16. Rf3 Be8 17. Raf1 Rb8 18. Rh3 g6 19. Qe3 1/2-1/2

[Event "DEM U14 2000"]
[Site "Überlingen GER"]
[Date "2000.06.06"]
[Round "5"]
[White "Guttenthaler, Franz"]
[Black "Knörzer, Michael"]
[Result "1/2-1/2"]
[Termination "normal"]
[Board "3"]
[WhiteElo "2149"]
[BlackElo "1826"]
[PlyCount "26"]
[WhiteFideId "4655729"]
[EventCountry "GER"]
[EventRounds "9"]
[EventType "swiss"]
[EventDate "2000.06.03"]

1. e4 c5 2. d3 Nc6 3. g3 d6 4. Bg2 g6 5. Nf3 Bg7 6. O-O e5 7. c3 Nge7 8. Re1
O-O 9. Be3 b6 10. d4 h6 11. Na3 Bb7 12. d5 Nb8 13. Nd2 f5 1/2-1/2

[Event "DEM U14 2000"]
[Site "Überlingen GER"]
[Date "2000.06.06"]
[Round "5"]
[White "Krämer, Martin"]
[Black "Abraham, Jan-Willem"]
[Result "1/2-1/2"]
[Termination "normal"]
[Board "5"]
[WhiteElo "1801"]
[BlackElo "1767"]
[PlyCount "50"]
[WhiteFideId "4671910"]
[EventCountry "GER"]
[EventRounds "9"]
[EventType "swiss"]
[EventDate "2000.06.03"]

1. e4 c5 2. Nf3 Nc6 3. d4 cxd4 4. Nxd4 g6 5. Nc3 Bg7 6. Be3 Nf6 7. Bc4 O-O 8.
O-O Nxe4 9. Nxe4 d5 10. Nxc6 bxc6 11. Bd3 dxe4 12. Bxe4 Qc7 13. c3 Ba6 14. Re1
Rfd8 15. Qf3 Rab8 16. Rab1 Bc4 17. b3 Bd5 18. c4 Bxe4 19. Qxe4 e5 20. Bc5 f5
21. Qc2 Rd7 22. Rbd1 Rbd8 23. h3 e4 24. Rxd7 Qxd7 25. Be3 Bf6 1/2-1/2

[Event "DEM U14 2000"]
[Site "Überlingen GER"]
[Date "2000.06.06"]
[Round "5"]
[White "Werner, Daniel"]
[Black "Dorongovski, Michael"]
[Result "1-0"]
[Termination "normal"]
[Board "6"]
[WhiteElo "2030"]
[BlackElo "1193"]
[PlyCount "49"]
[WhiteFideId "4662814"]
[EventCountry "GER"]
[EventRounds "9"]
[EventType "swiss"]
[EventDate "2000.06.03"]

1. e4 e6 2. d4 d5 3. Nc3 Bb4 4. e5 c5 5. a3 Ba5 6. b4 cxb4 7. Nb5 bxa3+ 8. Bd2
Bc7 9. Qg4 g6 10. Rxa3 Nc6 11. Nf3 Nge7 12. Bg5 a6 13. Bf6 Rg8 14. Nxc7+ Qxc7
15. Qh4 h5 16. Bd3 Nb4 17. O-O Nxd3 18. cxd3 Nf5 19. Qf4 b5 20. Rc1 Qb6 21. h3
a5 22. Rac3 Bd7 23. Rc7 Ne7 24. Bxe7 Kxe7 25. Rxd7+ 1-0

[Event "DEM U14 2000"]
[Site "Überlingen GER"]
[Date "2000.06.06"]
[Round "5"]
[White "Fiebig, Thomas"]
[Black "Raach, Stephen"]
[Result "0-1"]
[Termination "normal"]
[Board "7"]
[WhiteElo "1636"]
[BlackElo "1895"]
[PlyCount "70"]
[WhiteFideId "4693922"]
[EventCountry "GER"]
[EventRounds "9"]
[EventType "swiss"]
[EventDate "2000.06.03"]

1. e4 c5 2. Nf3 Nc6 3. c3 d5 4. exd5 Qxd5 5. d4 Nf6 6. Be2 e6 7. O-O cxd4 8.
cxd4 Be7 9. Nc3 Qd6 10. Nb5 Qd8 11. Bf4 Nd5 12. Bg3 a6 13. Nc3 O-O 14. Rc1 Nxc3
15. Rxc3 Bf6 16. Be5 Nxe5 17. Nxe5 Qd6 18. Nf3 Bd7 19. Qd2 Rac8 20. Rfc1 g6 21.
Qe3 Rxc3 22. Rxc3 Rd8 23. Ne5 Be8 24. Nf3 Kg7 25. Rd3 Qd5 26. b3 Qa5 27. Rd2
Rc8 28. h3 Rc3 29. Bd3 Bb5 30. a4 Bc6 31. Ne5 Bxe5 32. dxe5 Qd5 33. f3 Qxb3 34.
Qd4 Rc1+ 35. Kh2 Qxa4 0-1

[Event "DEM U14 2000"]
[Site "Überlingen GER"]
[Date "2000.06.06"]
[Round "5"]
[White "Siepmann, Martin"]
[Black "Schneider, Andreas"]
[Result "0-1"]
[Termination "normal"]
[Board "8"]
[WhiteElo "1666"]
[BlackElo "1879"]
[PlyCount "68"]
[BlackFideId "24606022"]
[EventCountry "GER"]
[EventRounds "9"]
[EventType "swiss"]
[EventDate "2000.06.03"]

1. Nf3 g6 2. c4 Bg7 3. e3 c5 4. Be2 Nc6 5. Nc3 Nf6 6. O-O O-O 7. a3 d5 8. d4
cxd4 9. exd4 dxc4 10. Bxc4 Bg4 11. d5 Bxf3 12. Qxf3 Ne5 13. Qe2 Nxc4 14. Qxc4
Rc8 15. Qb3 Qc7 16. Nb5 Qb8 17. g3 Rc5 18. Bf4 Qc8 19. d6 Qh3 20. f3 Rh5 21.
Rf2 exd6 22. Nxd6 Nd5 23. Rd1 Nxf4 24. gxf4 Rh4 25. Qxb7 Rxf4 26. Qd5 Rd8 27.
Qg5 Rf6 28. Qc5 Rxf3 29. Rxf3 Qxf3 30. Rf1 Qg4+ 31. Kh1 Rxd6 32. Qxd6 Qe4+ 33.
Kg1 Bd4+ 34. Rf2 Qe1+ 0-1

[Event "DEM U14 2000"]
[Site "Überlingen GER"]
[Date "2000.06.06"]
[Round "5"]
[White "Laßan, Christian"]
[Black "Herzenstein, Georg"]
[Result "0-1"]
[Termination "normal"]
[Board "9"]
[WhiteElo "1684"]
[BlackElo "1615"]
[PlyCount "50"]
[WhiteFideId "4685997"]
[BlackFideId "4678400"]
[EventCountry "GER"]
[EventRounds "9"]
[EventType "swiss"]
[EventDate "2000.06.03"]

1. f4 d5 2. b3 c6 3. Nf3 Bg4 4. e3 Nd7 5. Bb2 Qc7 6. Be2 Bxf3 7. Bxf3 e5 8.
fxe5 Nxe5 9. O-O Bd6 10. Be2 Nf6 11. Nc3 O-O-O 12. a4 h5 13. h3 Rh6 14. Ba3 g5
15. Bxd6 Qxd6 16. Rb1 g4 17. d4 Ned7 18. hxg4 hxg4 19. Kf2 Qb4 20. Qd3 Qxc3 21.
Qxc3 Ne4+ 22. Ke1 Nxc3 23. Rb2 Nxe2 24. Kxe2 Rh2 25. Rg1 Nf6 0-1

[Event "DEM U14 2000"]
[Site "Überlingen GER"]
[Date "2000.06.06"]
[Round "5"]
[White "Meyer, Kai-Christian"]
[Black "Jovalekic, Oliver"]
[Result "1-0"]
[Termination "normal"]
[Board "10"]
[WhiteElo "1642"]
[BlackElo "1791"]
[PlyCount "115"]
[WhiteFideId "4680650"]
[BlackFideId "4682530"]
[EventCountry "GER"]
[EventRounds "9"]
[EventType "swiss"]
[EventDate "2000.06.03"]

1. d4 d5 2. Nf3 c6 3. c3 e6 4. Bg5 Nf6 5. e3 Be7 6. Bd3 Nbd7 7. Nbd2 c5 8. O-O
b6 9. Ne5 Nxe5 10. dxe5 Nd7 11. Bxe7 Qxe7 12. f4 Bb7 13. e4 O-O 14. Qh5 g6 15.
Qh6 f6 16. exf6 Nxf6 17. e5 Ne4 18. Bxe4 dxe4 19. Rfd1 Bd5 20. c4 Bc6 21. Nf1
Rad8 22. Ne3 Qg7 23. Qxg7+ Kxg7 24. Rxd8 Rxd8 25. Rd1 Rd4 26. Kf2 h5 27. b3 h4
28. Ke2 Kf7 29. Nc2 Rd3 30. Rxd3 exd3+ 31. Kxd3 Bxg2 32. Ne1 Bc6 33. Ke3 Ke7
34. Nf3 h3 35. Ng5 Bg2 36. Nf3 Kf7 37. a3 a6 38. Ng5+ Ke7 39. Kd3 a5 40. Kc3
Kd7 41. b4 axb4+ 42. axb4 cxb4+ 43. Kxb4 Bf1 44. c5 bxc5+ 45. Kxc5 Bg2 46. Kd4
Bf1 47. Ke3 Bb5 48. Nxh3 Kc6 49. Ng5 Kd5 50. Kf3 Bd3 51. Nf7 Bc2 52. Kg4 Ke4
53. Kg5 Bb1 54. Nh8 Kf3 55. h4 Ke3 56. Nxg6 Bxg6 57. Kxg6 Kxf4 58. h5 1-0

[Event "DEM U14 2000"]
[Site "Überlingen GER"]
[Date "2000.06.06"]
[Round "5"]
[White "Herrmann, Frank"]
[Black "Stich, Christopher"]
[Result "1-0"]
[Termination "normal"]
[Board "11"]
[WhiteElo "1691"]
[BlackElo "1418"]
[PlyCount "75"]
[EventCountry "GER"]
[EventRounds "9"]
[EventType "swiss"]
[EventDate "2000.06.03"]

1. e4 g6 2. d4 Bg7 3. Nc3 d6 4. f4 Nf6 5. Nf3 O-O 6. Bd3 c5 7. dxc5 dxc5 8. O-O
Bg4 9. e5 Nd5 10. Nxd5 Qxd5 11. Qe2 Nc6 12. c3 Rfd8 13. Be4 Qe6 14. Be3 c4 15.
h3 Bxf3 16. Qxf3 a6 17. Rad1 Rab8 18. Bd5 Qc8 19. Bb6 Re8 20. Qe2 e6 21. Bxc4
Ne7 22. Bb3 Nf5 23. Qf2 Bf8 24. Ba4 Re7 25. Rd8 Qxd8 26. Bxd8 Rxd8 27. g4 Ng7
28. Kh1 b5 29. Rd1 Red7 30. Rxd7 Rxd7 31. Bc2 Ne8 32. f5 exf5 33. gxf5 Nc7 34.
Bb3 Bh6 35. e6 fxe6 36. fxg6 hxg6 37. Qf6 Bg7 38. Bxe6+ 1-0

[Event "DEM U14 2000"]
[Site "Überlingen GER"]
[Date "2000.06.06"]
[Round "5"]
[White "Vollstädt, Ole"]
[Black "Jachnowitsch, Kristijan"]
[Result "0-1"]
[Termination "normal"]
[Board "12"]
[WhiteElo "1027"]
[BlackElo "1697"]
[PlyCount "74"]
[EventCountry "GER"]
[EventRounds "9"]
[EventType "swiss"]
[EventDate "2000.06.03"]

1. e4 c5 2. Nf3 d6 3. d4 cxd4 4. Nxd4 Nf6 5. Nc3 a6 6. a4 Nbd7 7. Be2 Nc5 8. f3
e5 9. Nb3 Nxb3 10. cxb3 Be6 11. Be3 b6 12. O-O Be7 13. f4 O-O 14. f5 Bc8 15.
Bc4 Bb7 16. Qf3 Rb8 17. Qg3 Nxe4 18. Nxe4 Bxe4 19. Bxa6 Bf6 20. Rad1 Kh8 21.
Rd2 d5 22. Rfd1 d4 23. Qg4 Bd5 24. Bc4 Bxc4 25. bxc4 Qc7 26. Bf2 Qxc4 27. Bg3
Qxa4 28. Re1 Rfe8 29. Rde2 Qb5 30. Qf3 Rbd8 31. Rd2 Qd5 32. Qe2 Bg5 33. Rdd1
Be3+ 34. Kf1 Qe4 35. Qh5 g6 36. Qe2 Qxf5+ 37. Bf2 Rc8 0-1

[Event "DEM U14 2000"]
[Site "Überlingen GER"]
[Date "2000.06.07"]
[Round "6"]
[White "Rohde, Torsten"]
[Black "Baramidze, David"]
[Result "0-1"]
[Termination "normal"]
[Board "1"]
[WhiteElo "2071"]
[BlackElo "2154"]
[PlyCount "78"]
[WhiteFideId "4665007"]
[BlackFideId "4667719"]
[EventCountry "GER"]
[EventRounds "9"]
[EventType "swiss"]
[EventDate "2000.06.03"]

1. e4 c5 2. Nf3 d6 3. d4 cxd4 4. Nxd4 Nf6 5. Nc3 a6 6. Bg5 e6 7. f4 Be7 8. Qf3
Qc7 9. O-O-O Nbd7 10. Bd3 b5 11. Rhe1 Bb7 12. Qg3 b4 13. Nb1 h6 14. Bh4 g5 15.
fxg5 Nh5 16. Qe3 Nc5 17. g4 hxg5 18. Bxg5 Nf6 19. Bxf6 Bxf6 20. Nf3 b3 21. Nc3
Bxc3 22. bxc3 bxa2 23. Kd2 Rh3 24. Qf4 Rc8 25. c4 d5 26. Qxc7 Rxc7 27. exd5
Rxf3 28. dxe6 fxe6 29. h4 Rd7 30. Kc3 Be4 31. Kb4 Bxd3 32. Kxc5 Bxc2 33. Rxe6+
Kf7 34. Rxd7+ Kxe6 35. Rd6+ Ke5 36. Rxa6 Bb3 37. h5 Rf1 38. h6 a1=Q 39. h7 Qd4+
0-1

[Event "DEM U14 2000"]
[Site "Überlingen GER"]
[Date "2000.06.07"]
[Round "6"]
[White "Knörzer, Michael"]
[Black "Nazarenus, Moritz"]
[Result "1-0"]
[Termination "normal"]
[Board "2"]
[WhiteElo "1826"]
[BlackElo "1886"]
[PlyCount "61"]
[BlackFideId "4670540"]
[EventCountry "GER"]
[EventRounds "9"]
[EventType "swiss"]
[EventDate "2000.06.03"]

1. d4 d5 2. c4 c6 3. Nc3 Nf6 4. e3 e6 5. b3 Nbd7 6. Bd3 Bd6 7. Bb2 O-O 8. Nf3
Qe7 9. Qc2 h6 10. O-O dxc4 11. bxc4 c5 12. Rfe1 b6 13. Rad1 Bb7 14. Qe2 Rac8
15. Bb1 Rfd8 16. d5 Ba6 17. dxe6 Qxe6 18. Nb5 Bb8 19. Qc2 Bb7 20. e4 Ng4 21. e5
Ndxe5 22. Nxe5 Nxe5 23. Qh7+ Kf8 24. Bf5 Qc6 25. f3 f6 26. Bxc8 Rxc8 27. Qf5
Nxc4 28. Re6 Qxb5 29. Bxf6 gxf6 30. Rxf6+ Kg8 31. Rg6+ 1-0

[Event "DEM U14 2000"]
[Site "Überlingen GER"]
[Date "2000.06.07"]
[Round "6"]
[White "Schneider, Andreas"]
[Black "Guttenthaler, Franz"]
[Result "1/2-1/2"]
[Termination "normal"]
[Board "3"]
[WhiteElo "1879"]
[BlackElo "2149"]
[PlyCount "91"]
[WhiteFideId "24606022"]
[BlackFideId "4655729"]
[EventCountry "GER"]
[EventRounds "9"]
[EventType "swiss"]
[EventDate "2000.06.03"]

1. c4 g6 2. Nc3 Bg7 3. g3 d6 4. Bg2 e5 5. d3 Nd7 6. Nf3 Ne7 7. O-O O-O 8. Rb1
f5 9. b4 c6 10. a4 h6 11. Qb3 a5 12. Ba3 axb4 13. Bxb4 Nc5 14. Qc2 g5 15. Rfd1
Ne6 16. e3 g4 17. Ne1 Ng5 18. Ne2 Ng6 19. d4 e4 20. Nf4 Nxf4 21. exf4 Nf3+ 22.
Nxf3 gxf3 23. Bf1 h5 24. Bc3 h4 25. d5 c5 26. Bxg7 Kxg7 27. g4 Rf7 28. g5 Kg8
29. Bh3 Qe8 30. Qc3 Rxa4 31. Ra1 Ra6 32. Rdb1 Qf8 33. Rxa6 bxa6 34. Rb8 Rb7 35.
Rxb7 Bxb7 36. Qa5 Qc8 37. Qb6 Qd7 38. Kf1 Bc8 39. Ke1 Kf8 40. Qb2 Qg7 41. Qxg7+
Kxg7 42. Kd2 a5 43. Kc3 Kg6 44. Kb3 Bd7 45. Ka3 Be8 46. Kb3 1/2-1/2

[Event "DEM U14 2000"]
[Site "Überlingen GER"]
[Date "2000.06.07"]
[Round "6"]
[White "Abraham, Jan-Willem"]
[Black "Heinz, Axel"]
[Result "1/2-1/2"]
[Termination "normal"]
[Board "4"]
[WhiteElo "1767"]
[BlackElo "2129"]
[PlyCount "102"]
[BlackFideId "4667557"]
[EventCountry "GER"]
[EventRounds "9"]
[EventType "swiss"]
[EventDate "2000.06.03"]

1. e4 e5 2. Nf3 Nc6 3. Bb5 a6 4. Ba4 d6 5. d4 b5 6. Bb3 Nxd4 7. Nxd4 exd4 8. c3
Bb7 9. O-O dxc3 10. Re1 Be7 11. Qg4 Bf6 12. e5 dxe5 13. Nxc3 Ne7 14. Ne4 Bxe4
15. Qxe4 O-O 16. Be3 Qc8 17. Bc5 Re8 18. Bc2 g6 19. Qf3 Bg7 20. Be4 c6 21. Bxe7
Rxe7 22. Bxc6 Rb8 23. Bd5 Qf8 24. Rac1 Rd8 25. Red1 Red7 26. Rc2 Bh6 27. Rc3
Kh8 28. Rcd3 Bg7 29. Qe2 Qc5 30. Bb3 Rxd3 31. Rxd3 Rxd3 32. Qxd3 Qc1+ 33. Bd1
Bf6 34. Qe2 Kg7 35. g3 e4 36. b3 Qb1 37. Kg2 Qd3 38. Qxd3 exd3 39. Kf3 Bd4 40.
Ke4 Bxf2 41. Kxd3 b4 42. Kc4 Be1 43. Kc5 Kf6 44. Kb6 Ke5 45. Kxa6 Kd4 46. Be2
Kc3 47. Bc4 f6 48. Kb5 Kb2 49. Kc5 Kxa2 50. Kd5 h5 51. Ke6 Bc3 1/2-1/2

[Event "DEM U14 2000"]
[Site "Überlingen GER"]
[Date "2000.06.07"]
[Round "6"]
[White "Herzenstein, Georg"]
[Black "Werner, Daniel"]
[Result "0-1"]
[Termination "normal"]
[Board "5"]
[WhiteElo "1615"]
[BlackElo "2030"]
[PlyCount "66"]
[WhiteFideId "4678400"]
[BlackFideId "4662814"]
[EventCountry "GER"]
[EventRounds "9"]
[EventType "swiss"]
[EventDate "2000.06.03"]

1. e4 c5 2. Nc3 Nc6 3. f4 d6 4. Nf3 g6 5. Bb5 Bg7 6. O-O Bd7 7. d3 e6 8. Ne2
Nge7 9. c3 O-O 10. Qe1 Nb4 11. Bxd7 Nxd3 12. Qd2 Nxc1 13. Raxc1 Qxd7 14. Rcd1
Rad8 15. Ng3 Qc7 16. Qc2 f5 17. Ng5 Qc8 18. Qb3 c4 19. Qa3 h6 20. Nf3 Qc5+ 21.
Qxc5 dxc5 22. exf5 exf5 23. Rfe1 Nc6 24. Nd2 b5 25. Ngf1 Rfe8 26. a4 a6 27.
axb5 axb5 28. Nf3 Rxe1 29. Rxe1 Kf7 30. Kf2 b4 31. Ne5+ Bxe5 32. fxe5 Re8 33.
Ne3 Nxe5 0-1

[Event "DEM U14 2000"]
[Site "Überlingen GER"]
[Date "2000.06.07"]
[Round "6"]
[White "Raach, Stephen"]
[Black "Eisenbeiser, Amadeus"]
[Result "1/2-1/2"]
[Termination "normal"]
[Board "6"]
[WhiteElo "1895"]
[BlackElo "1828"]
[PlyCount "140"]
[BlackFideId "4678338"]
[EventCountry "GER"]
[EventRounds "9"]
[EventType "swiss"]
[EventDate "2000.06.03"]

1. e4 d6 2. d4 Nf6 3. Nc3 g6 4. Nf3 Bg7 5. Be2 O-O 6. O-O c6 7. Re1 Qc7 8. e5
dxe5 9. Nxe5 e6 10. Bf4 Qe7 11. Qd2 Rd8 12. Rad1 Nbd7 13. Qe3 Nb6 14. Bg5 Re8
15. Qc1 Qc7 16. Bf3 Nfd5 17. Nxd5 cxd5 18. Ng4 Nd7 19. Bxd5 Qa5 20. Bb3 b6 21.
Qf4 Bb7 22. Nh6+ Bxh6 23. Bxh6 Rac8 24. Qd2 Qb5 25. h3 Bd5 26. Bxd5 Qxd5 27. a3
Rc7 28. Bf4 Rc6 29. c3 Rec8 30. Qe2 a5 31. Qe4 Qxe4 32. Rxe4 Nf6 33. Re2 Nd5
34. Be3 b5 35. Ra1 b4 36. cxb4 axb4 37. axb4 Nxb4 38. Rb1 Kf8 39. Kf1 Rd8 40.
Ree1 Rcd6 41. Rec1 Kg7 42. Bf4 Rd5 43. Rc5 f6 44. Be3 R5d6 45. Rc4 Nc6 46. Rd1
e5 47. d5 Ne7 48. Rc7 R6d7 49. Rxd7 Rxd7 50. d6 Nc8 51. Bc5 Kf7 52. Ke2 Ke6 53.
Ke3 Nxd6 54. Rxd6+ Rxd6 55. Bxd6 Kxd6 56. f4 exf4+ 57. Kxf4 Kd5 58. Ke3 Ke5 59.
g3 Kd5 60. Kd3 g5 61. b4 f5 62. b5 Kc5 63. Ke3 Kxb5 64. Kd4 f4 65. gxf4 gxf4
66. Ke4 Kc6 67. Kxf4 Kd6 68. Kg5 Ke6 69. Kh6 Kf6 70. h4 Kf5 1/2-1/2

[Event "DEM U14 2000"]
[Site "Überlingen GER"]
[Date "2000.06.07"]
[Round "6"]
[White "Fehsenfeld, Frithjof"]
[Black "Krämer, Martin"]
[Result "1/2-1/2"]
[Termination "normal"]
[Board "7"]
[WhiteElo "1760"]
[BlackElo "1801"]
[PlyCount "52"]
[BlackFideId "4671910"]
[EventCountry "GER"]
[EventRounds "9"]
[EventType "swiss"]
[EventDate "2000.06.03"]

1. d4 Nf6 2. c4 g6 3. Nc3 Bg7 4. Nf3 O-O 5. e3 d6 6. Bd3 Nbd7 7. O-O c6 8. Qc2
e5 9. Rd1 Qe7 10. b3 Re8 11. dxe5 dxe5 12. Be2 Nc5 13. Ba3 Bf5 14. Qb2 Bf8 15.
Rd2 Qc7 16. Bxc5 Bxc5 17. b4 Bf8 18. Rad1 a5 19. a3 axb4 20. axb4 Bg7 21. c5
Be6 22. Ng5 e4 23. Nxe6 Rxe6 24. Bc4 Re7 25. Qb3 Ng4 26. g3 Ne5 1/2-1/2

[Event "DEM U14 2000"]
[Site "Überlingen GER"]
[Date "2000.06.07"]
[Round "6"]
[White "Meyer, Kai-Christian"]
[Black "Herrmann, Frank"]
[Result "0-1"]
[Termination "normal"]
[Board "8"]
[WhiteElo "1642"]
[BlackElo "1691"]
[PlyCount "52"]
[WhiteFideId "4680650"]
[EventCountry "GER"]
[EventRounds "9"]
[EventType "swiss"]
[EventDate "2000.06.03"]

1. d4 Nf6 2. Nf3 g6 3. Bg5 Bg7 4. Nbd2 O-O 5. c3 d5 6. e3 b6 7. Bd3 Bb7 8. Ne5
Ne4 9. f3 Nxg5 10. h4 Ne6 11. h5 Nd7 12. hxg6 fxg6 13. Ng4 Nf6 14. Nh6+ Bxh6
15. Rxh6 Rf7 16. Ke2 Nh5 17. g4 Qf8 18. Bxg6 Nhf4+ 19. exf4 Nxf4+ 20. Kf2 Qxh6
21. Bxf7+ Kxf7 22. Nf1 Ba6 23. Qd2 Nd3+ 24. Ke2 Nxb2+ 25. Ke1 Qh4+ 26. Qf2 Nd3+
0-1

[Event "DEM U14 2000"]
[Site "Überlingen GER"]
[Date "2000.06.07"]
[Round "6"]
[White "Dorongovski, Michael"]
[Black "Siepmann, Martin"]
[Result "1-0"]
[Termination "normal"]
[Board "9"]
[WhiteElo "1193"]
[BlackElo "1666"]
[PlyCount "59"]
[EventCountry "GER"]
[EventRounds "9"]
[EventType "swiss"]
[EventDate "2000.06.03"]

1. e4 c5 2. Nf3 a6 3. d4 cxd4 4. Nxd4 e5 5. Nf3 Nf6 6. Bd3 Nc6 7. O-O Bc5 8.
Bg5 O-O 9. Nc3 h6 10. Bh4 d6 11. Nd5 Be6 12. Nxf6+ gxf6 13. Qd2 Kh7 14. c3 Rg8
15. Kh1 Rg6 16. b4 Ba7 17. Rg1 Qd7 18. Bg3 Rag8 19. Rad1 Ne7 20. Nh4 R6g7 21.
Rgf1 Ng6 22. Nf5 Bxf5 23. exf5 Nf4 24. Bxf4 exf4 25. Be4 Qc7 26. Qxf4 Qxc3 27.
Rxd6 Qc4 28. Rc1 Rxg2 29. Rxf6 R8g5 30. Qxg5 1-0

[Event "DEM U14 2000"]
[Site "Überlingen GER"]
[Date "2000.06.07"]
[Round "6"]
[White "Laßan, Christian"]
[Black "Fiebig, Thomas"]
[Result "1-0"]
[Termination "normal"]
[Board "10"]
[WhiteElo "1684"]
[BlackElo "1636"]
[PlyCount "51"]
[WhiteFideId "4685997"]
[BlackFideId "4693922"]
[EventCountry "GER"]
[EventRounds "9"]
[EventType "swiss"]
[EventDate "2000.06.03"]

1. f4 e5 2. fxe5 d6 3. exd6 Bxd6 4. Nf3 g5 5. g3 g4 6. Nh4 Ne7 7. d4 Ng6 8.
Nxg6 hxg6 9. Qd3 Nc6 10. c3 Bf5 11. e4 Qe7 12. Bg2 O-O-O 13. O-O Ne5 14. Qe3
Nf3+ 15. Bxf3 gxf3 16. e5 Rde8 17. Qxf3 Bxe5 18. dxe5 Qxe5 19. Bd2 Be4 20. Qf4
Qb5 21. c4 Qb6+ 22. Be3 Qc6 23. Nc3 Bd3 24. Rf2 Bxc4 25. Rc1 Qe6 26. Nb5 1-0

[Event "DEM U14 2000"]
[Site "Überlingen GER"]
[Date "2000.06.07"]
[Round "6"]
[White "Jovalekic, Oliver"]
[Black "Jachnowitsch, Kristijan"]
[Result "1-0"]
[Termination "normal"]
[Board "11"]
[WhiteElo "1791"]
[BlackElo "1697"]
[PlyCount "97"]
[WhiteFideId "4682530"]
[EventCountry "GER"]
[EventRounds "9"]
[EventType "swiss"]
[EventDate "2000.06.03"]

1. d4 d5 2. Nf3 Nf6 3. e3 c6 4. Bd3 e6 5. Nbd2 Bd6 6. O-O O-O 7. Qe2 c5 8. dxc5
Bxc5 9. e4 Nc6 10. e5 Nd7 11. Nb3 Be7 12. c3 a6 13. Bc2 Re8 14. Nbd4 Qc7 15.
Bf4 b5 16. Qd3 Nf8 17. Rac1 Bb7 18. Nxc6 Qxc6 19. Bb1 Rac8 20. Nd4 Qd7 21. Bd2
Bc5 22. f4 Bxd4+ 23. cxd4 Rxc1 24. Rxc1 Rc8 25. Rc2 Rxc2 26. Bxc2 Qc8 27. Bb4
Qc4 28. Bxf8 Qxd3 29. Bxd3 Kxf8 30. Kf2 h6 31. g4 g6 32. f5 g5 33. h4 Bc6 34.
hxg5 hxg5 35. fxe6 fxe6 36. a4 Ke7 37. Ke3 Kd8 38. axb5 axb5 39. Kd2 Kd7 40.
Kc3 Kc7 41. Kb4 Kb6 42. b3 Bd7 43. Bg6 Bc6 44. Bf7 Bd7 45. Bh5 Bc6 46. Bg6 Bd7
47. Bf7 Bc8 48. Be8 Bb7 49. Bd7 1-0

[Event "DEM U14 2000"]
[Site "Überlingen GER"]
[Date "2000.06.07"]
[Round "6"]
[White "Stich, Christopher"]
[Black "Vollstädt, Ole"]
[Result "1-0"]
[Termination "normal"]
[Board "12"]
[WhiteElo "1418"]
[BlackElo "1027"]
[PlyCount "115"]
[EventCountry "GER"]
[EventRounds "9"]
[EventType "swiss"]
[EventDate "2000.06.03"]

1. e4 c5 2. Nf3 Nc6 3. d4 cxd4 4. Nxd4 Nf6 5. Nc3 d6 6. Bg5 e6 7. f4 Bd7 8. Qd2
a6 9. O-O-O Be7 10. Qe1 Qc7 11. Qg3 b5 12. Nxc6 Bxc6 13. e5 Ne4 14. Nxe4 Bxe4
15. Bd3 Bxd3 16. Rxd3 dxe5 17. fxe5 Bxg5+ 18. Qxg5 O-O 19. Rhd1 h6 20. Qe3 Rfd8
21. Rd6 Rac8 22. R1d2 a5 23. Qd4 Rxd6 24. exd6 Qc6 25. Qa7 a4 26. Qe7 Re8 27.
Qc7 Qa8 28. d7 Rd8 29. Qb6 f6 30. Qxe6+ Kf8 31. Qd6+ Kg8 32. Re2 Kh7 33. Qd3+
Kg8 34. Qg6 Kf8 35. Qg4 Qc6 36. Rd2 Kf7 37. Qd4 Ke7 38. Qg4 g5 39. Re2+ Kf8 40.
Re6 Qxd7 41. Rxf6+ Kg7 42. Qxd7+ Rxd7 43. Rb6 Rd5 44. b3 a3 45. b4 Kh7 46. Ra6
Rd4 47. Rxa3 Rxb4 48. Rb3 Rf4 49. Rxb5 Rf2 50. g3 Rxh2 51. a4 Rg2 52. Rb3 h5
53. a5 h4 54. gxh4 gxh4 55. a6 Rg3 56. a7 Rg1+ 57. Kb2 Rg8 58. Rb8 1-0